Mechanical Measurements & Instrumentation / (Record no. 32835)
[ view plain ]
| 000 -LEADER | |
|---|---|
| fixed length control field | 00414nam a22001697a 4500 |
| 003 - CONTROL NUMBER IDENTIFIER | |
| control field | NUST |
| 020 ## - INTERNATIONAL STANDARD BOOK NUMBER | |
| International Standard Book Number | 81-88458-83-X |
| 038 ## - RECORD CONTENT LICENSOR | |
| Staff Name | khadija |
| 082 ## - DEWEY DECIMAL CLASSIFICATION NUMBER | |
| Classification number | 681.2 |
| Author Mark | RAJ |
| 100 ## - MAIN ENTRY--PERSONAL NAME | |
| Personal name | Rajput, R. K. |
| 9 (RLIN) | 86965 |
| 245 ## - TITLE STATEMENT | |
| Title | Mechanical Measurements & Instrumentation / |
| Statement of responsibility, etc. | R.K. Rajput |
| 260 ## - PUBLICATION, DISTRIBUTION, ETC. | |
| Place of publication, distribution, etc. | New Delhi : |
| Name of publisher, distributor, etc. | S. K. Katson , |
| Date of publication, distribution, etc. | 2010. |
| 300 ## - PHYSICAL DESCRIPTION | |
| Extent | 765 p. ; |
| 500 ## - GENERAL NOTE | |
| General note | Paperback. |
| 563 ## - BINDING INFORMATION | |
| Binding note | PB |
| 942 ## - ADDED ENTRY ELEMENTS (KOHA) | |
| Koha item type | Book |
| Source of classification or shelving scheme | |
| Withdrawn status | Lost status | Source of classification or shelving scheme | Damaged status | Not for loan | Permanent Location | Current Location | Shelving location | Date acquired | Total Checkouts | Full call number | Barcode | Date last seen | Date last checked out | Price effective from | Koha item type |
|---|---|---|---|---|---|---|---|---|---|---|---|---|---|---|---|
| School of Mechanical & Manufacturing Engineering (SMME) | School of Mechanical & Manufacturing Engineering (SMME) | General Stacks | 11/27/2015 | 1 | 681.2 RAJ | SMME-1684 | 06/10/2022 | 04/27/2022 | 11/27/2015 | Book |
